[Event "SR 2. liga A 2008/2009"]
[Site "?"]
[Date "2008.10.12"]
[Round "2.1"]
[White "Kundrik, Peter"]
[Black "Janos, Martin"]
[Result "1-0"]
[WhiteElo "2228"]
[BlackElo "2210"]
[PlyCount "83"]
[EventDate "2008.??.??"]

1. e4 e6 2. d4 d5 3. Nc3 f5 4. exf5 exf5 5. Nf3 Nf6 6. Bg5 Be7 7. Bd3 O-O 8.
O-O c6 9. Re1 h6 10. Bf4 Ne4 11. Ne2 Be6 12. Ne5 Bf6 13. f3 Nd6 14. Ng6 Re8 15.
c3 Nf7 16. Qc2 Nd7 17. Bxf5 Qb6 18. Ng3 c5 19. Bxe6 Rxe6 20. Rxe6 Qxe6 21. Nf5
Re8 22. Bg3 cxd4 23. Re1 Be5 24. cxd4 Qxg6 25. Ne7+ Rxe7 26. Qxg6 Bxd4+ 27. Kf1
Rxe1+ 28. Bxe1 Bxb2 29. Qc2 Ba3 30. Qc8+ Nf8 31. Qxb7 Bd6 32. Qxd5 Ng6 33. Qa8+
Kh7 34. Qxa7 Ng5 35. h4 Ne6 36. Qd7 Ngf8 37. Qxd6 Kg6 38. Bc3 Kf7 39. h5 Kg8
40. Qe7 Kh7 41. Bxg7 Nxg7 42. Qxf8 1-0

[Event "SR 2. liga A 2008/2009"]
[Site "?"]
[Date "2008.10.12"]
[Round "2.1"]
[White "Tepper, Frantisek"]
[Black "Varga, David"]
[Result "1/2-1/2"]
[WhiteElo "2162"]
[BlackElo "2270"]
[PlyCount "33"]
[EventDate "2008.??.??"]

1. e4 e6 2. d4 d5 3. Nc3 Nf6 4. Bg5 Bb4 5. e5 h6 6. Bd2 Bxc3 7. bxc3 Ne4 8. Qg4
g6 9. h4 c5 10. Bd3 Nxd2 11. Kxd2 Nc6 12. Nf3 Bd7 13. Qf4 Qa5 14. Rhb1 cxd4 15.
Nxd4 Nxd4 16. Qxd4 b6 17. Qb4 1/2-1/2

[Event "SR 2. liga A 2008/2009"]
[Site "?"]
[Date "2008.10.12"]
[Round "2.2"]
[White "Federic, Jozef"]
[Black "Stetina, Erik"]
[Result "0-1"]
[WhiteElo "2239"]
[BlackElo "2043"]
[PlyCount "114"]
[EventDate "2008.??.??"]

1. d4 b5 2. e4 Bb7 3. Nd2 a6 4. Ngf3 e6 5. Bd3 Nf6 6. O-O c5 7. c3 Nc6 8. e5
Nd5 9. dxc5 Bxc5 10. Ne4 Be7 11. Bg5 f6 12. exf6 gxf6 13. Bh6 Rg8 14. Nh4 Ne5
15. Qh5+ Nf7 16. Rfe1 Qc7 17. Ng3 f5 18. Bxf5 Nf6 19. Qe2 Nxh6 20. Bxe6 dxe6
21. Qxe6 Kf8 22. Rad1 Rg7 23. Rd4 Rd8 24. Red1 Rxd4 25. Rxd4 Qc6 26. Qe5 Nf7
27. Qb8+ Qc8 28. Qf4 Rg4 29. Qd2 Rxd4 30. Qxd4 Qd7 31. Qf4 Nd5 32. Qd4 Bf6 33.
Qe4 Ng5 34. Qd3 Nb6 35. Qe3 Nc4 36. Qf4 Qd1+ 37. Nf1 Qd6 38. Qg4 Ne5 39. Qf5
Qe6 40. Qf4 Kf7 41. Nf5 Qc6 42. Qg3 Bc8 43. Nd4 Qe4 44. f3 Qd3 45. h4 Ne6 46.
Nb3 Qg6 47. Qf2 Bxh4 48. Qa7+ Kf6 49. Nbd2 Qg7 50. Ne4+ Kg6 51. Qb8 Qc7 52. Qa8
Qb7 53. Qxb7 Bxb7 54. Nd6 Bc6 55. b3 Be7 56. Ne4 Bxe4 57. fxe4 Bc5+ 0-1

[Event "SR 2. liga A 2008/2009"]
[Site "?"]
[Date "2008.10.12"]
[Round "2.2"]
[White "Hrivnak, Martin"]
[Black "Petrik, Stanislav"]
[Result "1-0"]
[WhiteElo "2169"]
[BlackElo "2215"]
[PlyCount "77"]
[EventDate "2008.??.??"]

1. e4 c5 2. Nc3 Nc6 3. Bc4 e6 4. d3 Nge7 5. Bg5 a6 6. a4 d6 7. f4 Qb6 8. Nge2
Nd4 9. Nxd4 cxd4 10. Ne2 Qxb2 11. Bb3 f6 12. Bh4 Ng6 13. Bg3 d5 14. Ra2 Qxa2
15. Bxa2 Bb4+ 16. Kf1 O-O 17. Nxd4 Bc3 18. Ne2 Ba5 19. exd5 e5 20. Be1 Bb6 21.
a5 Bd8 22. Bb4 Re8 23. d6+ Kh8 24. Bf7 Bd7 25. Bxe8 Bxe8 26. f5 Nh4 27. Ng3 Bc6
28. Rg1 g5 29. d4 e4 30. d5 Bb5+ 31. Kf2 Rc8 32. Re1 b6 33. Rxe4 bxa5 34. c4
Bb6+ 35. c5 Bxc5+ 36. Bxc5 Rxc5 37. Qd4 Rc2+ 38. Re2 Bxe2 39. Qxf6+ 1-0

[Event "SR 2. liga A 2008/2009"]
[Site "?"]
[Date "2008.10.12"]
[Round "2.2"]
[White "Machalova, Erika"]
[Black "Godula, Martin"]
[Result "1-0"]
[WhiteElo "2142"]
[BlackElo "2192"]
[PlyCount "87"]
[EventDate "2008.??.??"]

1. d4 Nf6 2. c4 g6 3. Nc3 d5 4. cxd5 Nxd5 5. e4 Nxc3 6. bxc3 Bg7 7. Be3 c5 8.
Bc4 Nc6 9. Ne2 O-O 10. O-O Bg4 11. f3 cxd4 12. cxd4 Na5 13. Bd3 Be6 14. Qa4 a6
15. Rac1 b5 16. Qc2 Bc4 17. Bf2 Qd6 18. Bxc4 Nxc4 19. Qd3 Bh6 20. Rc2 Rfd8 21.
Rd1 Rac8 22. a4 Qb4 23. axb5 axb5 24. f4 Ra8 25. Be1 Qa3 26. Rc3 Qd6 27. Rb3
Qd7 28. Rdb1 Ra7 29. Rxb5 Nd6 30. Rb8 Ra8 31. Rxd8+ Qxd8 32. d5 f5 33. e5 Ne4
34. Ng3 Ra4 35. Qb3 Nc5 36. Qb8 Qxb8 37. Rxb8+ Kg7 38. Bc3 Bxf4 39. Rc8 Nd3 40.
d6 exd6 41. e6+ Kh6 42. e7 Be3+ 43. Kf1 Ra2 44. Ne2 1-0

[Event "SR 2. liga A 2008/2009"]
[Site "?"]
[Date "2008.10.12"]
[Round "2.2"]
[White "Maslik, Miroslav"]
[Black "Sosovicka, Juraj"]
[Result "1/2-1/2"]
[WhiteElo "2328"]
[BlackElo "2040"]
[PlyCount "119"]
[EventDate "2008.??.??"]

1. d4 d5 2. c4 c6 3. e3 Nf6 4. Nf3 e6 5. Nc3 Nbd7 6. Qc2 Bd6 7. g4 h6 8. Rg1
dxc4 9. Bxc4 b5 10. Be2 Bb7 11. Bd2 a6 12. e4 e5 13. O-O-O Qe7 14. dxe5 Nxe5
15. Nxe5 Bxe5 16. f4 Bc7 17. e5 Nd5 18. Nxd5 cxd5 19. Qb3 Rc8 20. Kb1 Bb6 21.
Bxb5+ axb5 22. Qxb5+ Rc6 23. Bb4 Qd7 24. Rxd5 Qxd5 25. Qxd5 Rc1+ 26. Rxc1 Bxd5
27. Rc8+ Bd8 28. a4 Kd7 29. Rc3 Bc7 30. Bc5 Rb8 31. b4 Ba5 32. Rd3 Kc6 33. Rd4
Bb6 34. Bxb6 Rxb6 35. Kc2 Bf3 36. f5 Rb8 37. Kd3 Bd5 38. Ke3 Re8 39. Kf4 g5+
40. fxg6 fxg6 41. Rd3 Rf8+ 42. Kg3 Rf1 43. b5+ Kc5 44. b6 Rg1+ 45. Kf4 g5+ 46.
Ke3 Rxg4 47. a5 Re4+ 48. Kf2 Rxe5 49. Rc3+ Kb5 50. Rc7 Re8 51. Rh7 Kxa5 52.
Rxh6 Re5 53. Rh5 Kxb6 54. h4 Kc6 55. Rxg5 Re6 56. h5 Be4 57. Ke3 Kd6 58. Kd4
Bh7 59. Rd5+ Ke7 60. Re5 1/2-1/2

[Event "SR 2. liga A 2008/2009"]
[Site "?"]
[Date "2008.10.12"]
[Round "2.2"]
[White "Pacher, Milan"]
[Black "Skreno, Vladimir"]
[Result "1-0"]
[WhiteElo "2357"]
[BlackElo "2208"]
[PlyCount "75"]
[EventDate "2008.??.??"]

1. e4 c5 2. Nf3 d6 3. d4 cxd4 4. Nxd4 Nf6 5. Nc3 g6 6. Be3 Bg7 7. f3 O-O 8. Qd2
Nc6 9. O-O-O d5 10. Kb1 Nxd4 11. e5 Nf5 12. exf6 Bxf6 13. Nxd5 Qxd5 14. Qxd5
Nxe3 15. Qd2 Nxd1 16. Qxd1 Be6 17. Bd3 Rfd8 18. Qe1 Rd6 19. Qa5 a6 20. h4 Rad8
21. Qe1 Rb6 22. b3 Rc8 23. h5 Rc3 24. g4 a5 25. g5 Bg7 26. h6 Bh8 27. Qf2 Rcc6
28. Be4 Rd6 29. Qc5 f5 30. Qxa5 Kf7 31. Bxb7 Bd4 32. c3 Bxb3 33. axb3 Rxb3+ 34.
Kc2 Rxc3+ 35. Qxc3 Bxc3 36. Kxc3 e5 37. Kc4 Rd4+ 38. Kc5 1-0

[Event "SR 2. liga A 2008/2009"]
[Site "?"]
[Date "2008.10.12"]
[Round "2.2"]
[White "Petenyi, Tamas"]
[Black "Fabry, Robert"]
[Result "1/2-1/2"]
[WhiteElo "2251"]
[BlackElo "2185"]
[PlyCount "114"]
[EventDate "2008.??.??"]

1. e4 Nf6 2. e5 Nd5 3. d4 d6 4. Nf3 Bg4 5. Be2 Nc6 6. O-O e6 7. Re1 dxe5 8.
dxe5 Ndb4 9. Na3 Qxd1 10. Bxd1 Be7 11. Bf4 O-O-O 12. Nc4 Bxf3 13. gxf3 Rd4 14.
Re4 Rhd8 15. Ne3 Rd2 16. a3 g5 17. Bg3 Bc5 18. axb4 Bxe3 19. Be2 Rxe2 20. fxe3
a6 21. Rg4 h6 22. f4 gxf4 23. Bxf4 Rxc2 24. Rg2 Rxg2+ 25. Kxg2 Rd2+ 26. Kf3
Rxb2 27. Rg1 Rxb4 28. Rg7 a5 29. Rxf7 a4 30. Rf8+ Kd7 31. Rf7+ Kd8 32. Rf8+ Ke7
33. Ra8 Rb5 34. Rxa4 Nxe5+ 35. Ke4 Kf6 36. Bxh6 Ng4 37. Bf4 c6 38. Ra8 Rb4+ 39.
Kd3 e5 40. Bg3 b5 41. h3 e4+ 42. Kd2 Ne5 43. Rf8+ Nf7 44. h4 Kg7 45. Rb8 c5 46.
Bf4 Rb3 47. h5 Rd3+ 48. Kc2 b4 49. Rb7 Rd5 50. h6+ Kg6 51. Rb6+ Kh7 52. Kb3 Rh5
53. Rc6 Nxh6 54. Bxh6 Rxh6 55. Rxc5 Rh3 56. Kxb4 Rxe3 57. Kc4 Kg6 1/2-1/2

[Event "SR 2. liga A 2008/2009"]
[Site "?"]
[Date "2008.10.12"]
[Round "2.3"]
[White "Arendas, Marek"]
[Black "Dugovic, Branislav"]
[Result "1/2-1/2"]
[WhiteElo "2109"]
[BlackElo "2120"]
[PlyCount "151"]
[EventDate "2008.??.??"]

1. e4 d5 2. exd5 Nf6 3. Bb5+ Bd7 4. Bc4 Bg4 5. Ne2 Nxd5 6. d4 e6 7. Nd2 Nf4 8.
Rg1 Bxe2 9. Bxe2 Qxd4 10. c3 Qe5 11. Nc4 Qxe2+ 12. Qxe2 Nxe2 13. Kxe2 Nd7 14.
Bf4 O-O-O 15. Rad1 Be7 16. Rd2 Nb6 17. Ne5 Rxd2+ 18. Bxd2 f6 19. Nd3 e5 20. f3
Nc4 21. Bc1 Nb6 22. b3 Nd7 23. Be3 Rd8 24. g4 g6 25. Rg3 Rh8 26. Rh3 h5 27.
gxh5 Rxh5 28. Rxh5 gxh5 29. Bh6 Nc5 30. Nf2 Kd7 31. Ne4 Nxe4 32. fxe4 Ke6 33.
Be3 a6 34. Kf3 f5 35. Bf2 Bg5 36. Be1 Be7 37. Bf2 Bg5 38. Be1 Bf4 39. h3 Bg5
40. a4 Be7 41. Bf2 Bg5 42. Bc5 Bd2 43. c4 b6 44. Ba3 Bc3 45. Bf8 Bd4 46. Bb4 f4
47. Ke2 Kd7 48. Ba3 Kc6 49. b4 b5 50. axb5+ axb5 51. c5 Kd7 52. Kf3 Ke6 53. Kg2
Bc3 54. Kf3 Kf6 55. h4 Kg6 56. Ke2 Kf6 57. Kf1 Ke6 58. Ke2 Kd7 59. Kf1 f3 60.
Kf2 Ke6 61. Kxf3 Be1 62. Ke2 Bxh4 63. Bc1 Kf6 64. Be3 c6 65. Bd2 Bg3 66. Kf3
Bf4 67. Bxf4 exf4 68. Kxf4 h4 69. Kg4 Ke5 70. Kxh4 Kxe4 71. Kg5 Ke5 72. Kg4 Ke6
73. Kg5 Kd5 74. Kf6 Kc4 75. Ke6 Kxb4 76. Kd6 1/2-1/2

[Event "SR 2. liga A 2008/2009"]
[Site "?"]
[Date "2008.10.12"]
[Round "2.3"]
[White "Biro, Karol"]
[Black "Lauf, Pavol"]
[Result "1-0"]
[WhiteElo "2186"]
[BlackElo "2152"]
[PlyCount "93"]
[EventDate "2008.??.??"]

1. c4 g6 2. Nc3 Bg7 3. d4 Nf6 4. g3 d6 5. Bg2 O-O 6. e3 c6 7. Nge2 e5 8. O-O
Qc7 9. b3 Rd8 10. d5 c5 11. e4 Qe7 12. h3 a6 13. Be3 Nbd7 14. Qd2 Rb8 15. a4 b6
16. Nc1 Nh5 17. Nd3 Rf8 18. g4 Nf4 19. Nxf4 exf4 20. Bxf4 Ne5 21. Be3 f5 22. f4
Nf7 23. exf5 gxf5 24. g5 Nh8 25. Bf2 Ng6 26. Rac1 Qf7 27. h4 Re8 28. Bf3 Qd7
29. h5 Nf8 30. Rfe1 Bb7 31. Qd3 a5 32. Ne2 Rbd8 33. Bh4 Rb8 34. Ng3 Rxe1+ 35.
Rxe1 Bd4+ 36. Kg2 Bc8 37. Bd1 Qf7 38. g6 Nxg6 39. hxg6 hxg6 40. Re7 Qf8 41. Qe2
Bf6 42. Bg5 Bxg5 43. fxg5 f4 44. Qe4 Kh8 45. Kg1 Bh3 46. Ne2 Bf5 47. Qh1+ 1-0

[Event "SR 2. liga A 2008/2009"]
[Site "?"]
[Date "2008.10.12"]
[Round "2.3"]
[White "Janos, Jozef"]
[Black "Csiba, Dominik"]
[Result "0-1"]
[WhiteElo "2244"]
[BlackElo "2166"]
[PlyCount "112"]
[EventDate "2008.??.??"]

1. e4 c5 2. Nf3 d6 3. d4 cxd4 4. Nxd4 Nf6 5. Nc3 a6 6. Bg5 e6 7. f4 Qc7 8. Qf3
b5 9. Bd3 b4 10. Nce2 Nbd7 11. O-O Bb7 12. Kh1 Be7 13. Rae1 h6 14. Bxf6 Bxf6
15. f5 e5 16. Nb3 Nb6 17. Na5 Bc8 18. c3 b3 19. axb3 Bg5 20. Rd1 Bd7 21. Nc4
Nxc4 22. Bxc4 O-O 23. Qd3 Bc6 24. Ng3 Rfd8 25. Bd5 Rab8 26. Qc4 Rdc8 27. Ra1
Qd7 28. Bxc6 Rxc6 29. Qd5 Rb5 30. Qd1 a5 31. c4 Rbc5 32. Rf3 Rb6 33. Rd3 Qc6
34. Rd5 Be3 35. Rxa5 Bd4 36. Rdxc5 dxc5 37. Qc2 Ra6 38. Ra3 Qa8 39. Ra4 Rxa4
40. bxa4 Qa5 41. Qd1 Bxb2 42. h4 Bd4 43. Ne2 Qb4 44. Qc1 Qxa4 45. f6 Qa2 46.
Ng1 Qf2 47. Nf3 Be3 48. Qd1 gxf6 49. Qe1 Kg7 50. Qxf2 Bxf2 51. h5 f5 52. Nxe5
fxe4 53. g4 Bd4 54. Nc6 e3 55. Nxd4 cxd4 56. Kg2 f6 0-1

[Event "SR 2. liga A 2008/2009"]
[Site "?"]
[Date "2008.10.12"]
[Round "2.3"]
[White "Pagerka, Martin"]
[Black "Hartl, Jan"]
[Result "0-1"]
[WhiteElo "1998"]
[BlackElo "2161"]
[PlyCount "74"]
[EventDate "2008.??.??"]

1. e4 e5 2. Nf3 Nc6 3. Bb5 a6 4. Ba4 Nf6 5. O-O Be7 6. Re1 b5 7. Bb3 O-O 8. h3
d6 9. c3 Na5 10. Bc2 c5 11. d4 Nd7 12. Nbd2 cxd4 13. cxd4 Nc6 14. Nf1 Bf6 15.
Be3 g6 16. Rc1 Bb7 17. a3 Rc8 18. Ng3 Nb6 19. b3 d5 20. dxe5 Nxe5 21. Bxb6 Qxb6
22. exd5 Nxf3+ 23. Qxf3 Bb2 24. Qg4 Bxc1 25. Rxc1 Bxd5 26. Nf5 Qf6 27. Nd4 h5
28. Qd1 Rfd8 29. Qd2 Bb7 30. Rd1 Qxd4 31. Qxd4 Rxd4 32. Rxd4 Rxc2 33. Rd8+ Kg7
34. Rb8 Rc7 35. a4 b4 36. Kf1 a5 37. g3 Bf3 0-1

[Event "SR 2. liga A 2008/2009"]
[Site "?"]
[Date "2008.10.12"]
[Round "2.4"]
[White "Banasova, Katarina"]
[Black "Bukovsky, Milan"]
[Result "1/2-1/2"]
[WhiteElo "2139"]
[BlackElo "2022"]
[PlyCount "172"]
[EventDate "2008.??.??"]

1. e4 e5 2. Bc4 Nf6 3. d3 Be7 4. Nf3 Nc6 5. O-O O-O 6. Re1 d6 7. c3 h6 8. Nbd2
Nh7 9. Nf1 Ng5 10. Nxg5 Bxg5 11. Ng3 Be6 12. Bb3 Bxc1 13. Qxc1 Bxb3 14. axb3
Qg5 15. Qxg5 hxg5 16. Nf5 g6 17. Ne3 Ne7 18. f3 a6 19. Ra4 Kg7 20. Rea1 Rad8
21. d4 exd4 22. Rxd4 Nc6 23. Rd5 f6 24. b4 Rde8 25. Kf2 Re5 26. Nc4 Re6 27. Na5
Nxa5 28. bxa5 f5 29. exf5 gxf5 30. Ra4 c6 31. Rd2 Rf7 32. h4 Kg6 33. hxg5 Kxg5
34. Re2 Rfe7 35. Rxe6 Rxe6 36. Rb4 Re7 37. g3 Kg6 38. Rh4 Re5 39. Rd4 d5 40.
Rh4 c5 41. Rh8 d4 42. Rd8 dxc3 43. Rd6+ Kf7 44. bxc3 c4 45. Rd7+ Ke6 46. Rxb7
Rxa5 47. Ke3 Ra1 48. Kd4 a5 49. Rb6+ Kf7 50. Rc6 Rg1 51. Rc5 Rxg3 52. Rxf5+ Ke6
53. Rxa5 Rxf3 54. Kxc4 Kd6 55. Ra6+ Kc7 56. Ra7+ Kc6 57. Ra6+ Kc7 58. Re6 Kc8
59. Kd5 Rf5+ 60. Re5 Rf1 61. Kc5 Rc1 62. c4 Kd7 63. Rd5+ Kc7 64. Rh5 Kc8 65.
Rh7 Rc2 66. Kd5 Rg2 67. Re7 Rg5+ 68. Re5 Rg1 69. Kd6 Rg6+ 70. Re6 Rxe6+ 71.
Kxe6 Kc7 72. Kd5 Kd7 73. Kc5 Kc7 74. Kd5 Kd7 75. Kd4 Kd6 76. Kc3 Kc5 77. Kb3
Kc6 78. Kb4 Kb6 79. Kb3 Kc6 80. Kc3 Kc5 81. Kd3 Kc6 82. Ke3 Kc5 83. Kd3 Kc6 84.
Kd4 Kd6 85. c5+ Kc6 86. Kc4 Kc7 1/2-1/2

[Event "SR 2. liga A 2008/2009"]
[Site "?"]
[Date "2008.10.12"]
[Round "2.4"]
[White "Csiba, Peter"]
[Black "Certek, Pavel"]
[Result "1-0"]
[WhiteElo "2041"]
[BlackElo "2216"]
[PlyCount "57"]
[EventDate "2008.??.??"]

1. Nf3 g6 2. d4 Bg7 3. c4 Nf6 4. Nc3 d5 5. cxd5 Nxd5 6. e4 Nxc3 7. bxc3 c5 8.
Be3 O-O 9. Bc4 Bg4 10. Qd2 Qa5 11. Ne5 Bxe5 12. dxe5 Rd8 13. Qc2 Nc6 14. f4 Nd4
15. Qb2 Be6 16. Bxe6 Nxe6 17. O-O Rd3 18. Qxb7 Rad8 19. f5 R8d7 20. fxe6 fxe6
21. Bh6 Qd8 22. Qc6 Rd1 23. Qxe6+ Kh8 24. Raxd1 Rxd1 25. Qf7 Rxf1+ 26. Qxf1 Kg8
27. e6 Qe8 28. c4 a5 29. Qa1 1-0

[Event "SR 2. liga A 2008/2009"]
[Site "?"]
[Date "2008.10.12"]
[Round "2.4"]
[White "Goga, Frantisek"]
[Black "Mihalik, Marek"]
[Result "0-1"]
[WhiteElo "1960"]
[BlackElo "2098"]
[PlyCount "80"]
[EventDate "2008.??.??"]

1. e4 c5 2. Nf3 d6 3. d4 cxd4 4. Nxd4 Nf6 5. Nc3 a6 6. Be2 e5 7. Nb3 Be7 8. Be3
O-O 9. O-O Qc7 10. Kh1 Be6 11. f4 exf4 12. Bxf4 Nc6 13. Nd5 Bxd5 14. exd5 Ne5
15. Rc1 Ng6 16. Be3 Rfe8 17. c4 Ne4 18. Bd3 Bg5 19. Bxg5 Nxg5 20. h4 Ne4 21.
Qf3 Nf6 22. Bxg6 hxg6 23. Nd2 Re5 24. g4 Rae8 25. Rf2 Nxd5 26. Rcf1 Ne3 27. Rg1
Nxc4 28. Nxc4 Qxc4 29. Qxb7 Qxa2 30. Rgf1 R5e7 31. Qb6 Qd5+ 32. Kg1 a5 33. Rg2
Re2 34. Rxe2 Rxe2 35. Rf2 Re1+ 36. Rf1 Re4 37. Qd8+ Kh7 38. Qc8 Qd4+ 39. Kh2
Rxg4 40. Kh3 f5 0-1

[Event "SR 2. liga A 2008/2009"]
[Site "?"]
[Date "2008.10.12"]
[Round "2.4"]
[White "Janos, Ivan"]
[Black "Polasek, Filip"]
[Result "1/2-1/2"]
[WhiteElo "2159"]
[BlackElo "2096"]
[PlyCount "66"]
[EventDate "2008.??.??"]

1. e4 e5 2. Nf3 Nc6 3. Bb5 a6 4. Ba4 Nf6 5. O-O Be7 6. Re1 b5 7. Bb3 O-O 8. a4
Bb7 9. d3 d5 10. exd5 Nxd5 11. axb5 axb5 12. Rxa8 Bxa8 13. Nc3 Nxc3 14. bxc3
Bf6 15. Nd2 Ne7 16. Qg4 Ng6 17. Ne4 Bxe4 18. Qxe4 c5 19. Be3 Be7 20. Ra1 Kh8
21. Bxf7 Nf4 22. Bxf4 exf4 23. Ra7 Bf6 24. c4 bxc4 25. Qxc4 Qb6 26. Qa2 Qb4 27.
Kf1 Qd2 28. Bh5 Bd4 29. c4 Qxd3+ 30. Be2 Qc3 31. Qb1 Re8 32. Re7 Ra8 33. Ra7
Re8 1/2-1/2

[Event "SR 2. liga A 2008/2009"]
[Site "?"]
[Date "2008.10.12"]
[Round "2.4"]
[White "Kovac, Andrej"]
[Black "Hazir, Svetozar"]
[Result "1-0"]
[WhiteElo "2038"]
[BlackElo "2141"]
[PlyCount "51"]
[EventDate "2008.??.??"]

1. d4 Nf6 2. c4 c5 3. d5 b5 4. cxb5 a6 5. bxa6 Bxa6 6. g3 d6 7. Bg2 g6 8. Nf3
Bg7 9. O-O O-O 10. Nc3 Nbd7 11. Qc2 Nb6 12. Rd1 Ra7 13. Rb1 e6 14. dxe6 fxe6
15. Ng5 Re8 16. Bh3 Rae7 17. e4 h6 18. e5 hxg5 19. exf6 Bxf6 20. Ne4 Rd7 21.
Rxd6 Rxd6 22. Nxd6 Qxd6 23. Qxg6+ Bg7 24. Qxe8+ Kh7 25. Bxg5 Nc4 26. Bxe6 1-0

[Event "SR 2. liga A 2008/2009"]
[Site "?"]
[Date "2008.10.12"]
[Round "2.4"]
[White "Polacik, Igor"]
[Black "Malar, Pavol"]
[Result "1-0"]
[WhiteElo "2194"]
[BlackElo "2090"]
[PlyCount "63"]
[EventDate "2008.??.??"]

1. e4 e6 2. d4 d5 3. Nd2 Nc6 4. Ngf3 Nf6 5. e5 Nd7 6. Be2 f6 7. exf6 Qxf6 8.
Nf1 Bd6 9. Ne3 O-O 10. O-O b6 11. c4 dxc4 12. d5 Nce5 13. dxe6 Nc5 14. Nd5 Qxe6
15. Nf4 Qf5 16. Qd5+ Kh8 17. Nxe5 Bb7 18. Neg6+ hxg6 19. Qxf5 Rxf5 20. Nxg6+
Kh7 21. Nh4 Re5 22. Be3 b5 23. Nf3 Re7 24. Nd4 a6 25. Nf5 Re5 26. Nxd6 cxd6 27.
Rfd1 Ne4 28. Bd4 Re7 29. Bg4 Rae8 30. Kf1 g6 31. f3 Ng5 32. Bf6 1-0

[Event "SR 2. liga A 2008/2009"]
[Site "?"]
[Date "2008.10.12"]
[Round "2.5"]
[White "Hecko, Dusan"]
[Black "Beles, Milan"]
[Result "1-0"]
[WhiteElo "2160"]
[BlackElo "2083"]
[Annotator "Fritz 9 (20s)"]
[PlyCount "65"]
[EventDate "2008.??.??"]

{B56: Classical Sicilian: Unusual Lines} 1. e4 c5 2. Nf3 d6 3. d4 cxd4 4. Nxd4
Nf6 5. Nc3 e5 6. Nf3 Be7 7. Bc4 O-O 8. O-O a6 9. Bg5 ({kniz. Fritz} 9. Re1 Nbd7
10. Bg5 h6 11. Bxf6 Nxf6 12. Nd5 Bg4 13. Nxf6+ Bxf6 14. Qd3) 9... Nbd7 10. Qe2
b5 11. Bb3 Bb7 12. Rfd1 Qc7 (12... Rc8 13. Nd2 $11) 13. a4 $6 (13. a3 $5 $16)
13... b4 $11 14. Bxf6 Nxf6 15. Nd5 Bxd5 16. Bxd5 Nxd5 17. Rxd5 f5 18. Ne1 $6 (
18. exf5 $5 Rxf5 19. Qd3 $11) 18... fxe4 $15 19. Qxe4 Rf4 20. Qe2 Raf8 21. f3
Rc4 $2 (21... Qb7 $17 22. Rad1 b3) 22. b3 Rc6 23. Rad1 Bh4 $2 24. g3 $15 Be7
25. Kg2 h6 26. Qe4 $11 a5 $2 (26... Qb7 $142 $11) 27. Rxa5 $1 $16 Rxc2+ $2 (
27... Qxa5 28. Qxc6) 28. Nxc2 $18 Qxa5 29. Nxb4 Rc8 30. Nc6 Qc7 31. Rc1 Kh8 32.
Rc4 Bf6 33. Na7 $3 1-0

[Event "SR 2. liga A 2008/2009"]
[Site "?"]
[Date "2008.10.12"]
[Round "2.5"]
[White "Krajnak, Robert"]
[Black "Padysak, Tomas"]
[Result "1-0"]
[WhiteElo "2079"]
[BlackElo "1941"]
[PlyCount "97"]
[EventDate "2008.??.??"]

1. c4 e5 2. Nc3 Nc6 3. g3 d6 4. Bg2 Be6 5. d3 Qd7 6. Rb1 g6 7. b4 Bg7 8. b5 Nd8
9. a4 c6 10. a5 Ne7 11. a6 bxa6 12. bxc6 Ndxc6 13. h4 O-O 14. h5 Rab8 15. Rxb8
Rxb8 16. hxg6 hxg6 17. Bg5 f6 18. Bd2 Kf7 19. Nf3 Qb7 20. Ne4 Qd7 21. Qc1 Rh8
22. Rxh8 Bxh8 23. Qa3 Nc8 24. Qxa6 Bg7 25. Nfg5+ fxg5 26. Nxg5+ Ke7 27. Bxc6
Qc7 28. Be4 Bf5 29. Ba5 Qb8 30. Bb7 Nb6 31. Ne4 Nd7 32. Bb4 Bxe4 33. dxe4 Bf6
34. Kf1 Nc5 35. Bxc5 dxc5 36. Bd5 Qb6 37. Qc8 g5 38. Qg8 a5 39. Qf7+ Kd8 40.
Be6 Qb1+ 41. Kg2 Qxe4+ 42. Kh2 Be7 43. Qg8+ Kc7 44. Qc8+ Kb6 45. Bd5 Qh7+ 46.
Kg2 Bd6 47. Qc6+ Ka7 48. Qxd6 g4 49. Qxc5+ 1-0

[Event "SR 2. liga A 2008/2009"]
[Site "?"]
[Date "2008.10.12"]
[Round "2.5"]
[White "Manak, Jozef"]
[Black "Tomanek, Rafael"]
[Result "0-1"]
[WhiteElo "2009"]
[BlackElo "1979"]
[PlyCount "67"]
[EventDate "2008.??.??"]

1. e4 c6 2. d4 d5 3. Nc3 dxe4 4. Nxe4 Nf6 5. Nxf6+ gxf6 6. Nf3 Bg4 7. Be2 Qc7
8. Be3 Nd7 9. Qd2 O-O-O 10. O-O-O e6 11. Qc3 Nb6 12. h3 Nd5 13. Qb3 Nxe3 14.
fxe3 Bh5 15. g4 Bg6 16. Rhg1 Be7 17. Bd3 Kb8 18. h4 Bxd3 19. Qxd3 Rdg8 20. Qe4
Rg7 21. Qf4 Rhg8 22. g5 Qxf4 23. exf4 Bd6 24. gxf6 Bxf4+ 25. Kb1 Rxg1 26. Rxg1
Rxg1+ 27. Nxg1 Bc7 28. Nf3 Bd8 29. Ne5 Kc7 30. Nxf7 Bxf6 31. h5 Kd7 32. c3 Ke7
33. Ne5 Bxe5 34. dxe5 0-1

[Event "SR 2. liga A 2008/2009"]
[Site "?"]
[Date "2008.10.12"]
[Round "2.5"]
[White "Mikulas, Dusan"]
[Black "Peitl, Tomas"]
[Result "1/2-1/2"]
[WhiteElo "2183"]
[BlackElo "2033"]
[PlyCount "65"]
[EventDate "2008.??.??"]

1. e4 e6 2. d4 d5 3. Nd2 c5 4. exd5 exd5 5. dxc5 Bxc5 6. Nb3 Bb6 7. Nf3 Nf6 8.
Be2 O-O 9. O-O Nc6 10. Bg5 Bf5 11. c3 Re8 12. Bh4 Be4 13. Re1 Qd6 14. Qd2 Ng4
15. Bg3 Qf6 16. Rad1 Nce5 17. Nfd4 Nc4 18. Qf4 Qxf4 19. Bxf4 Nf6 20. Bc1 h6 21.
Kf1 Rac8 22. f3 Bh7 23. Bd3 Rxe1+ 24. Kxe1 Bxd3 25. Rxd3 Re8+ 26. Kf1 Bc7 27.
g3 Bb6 28. Rd1 Kf8 29. Re1 h5 30. Rxe8+ Kxe8 31. Ke2 g6 32. Kd3 Nd7 33. f4
1/2-1/2

[Event "SR 2. liga A 2008/2009"]
[Site "?"]
[Date "2008.10.12"]
[Round "2.5"]
[White "Sturdik, Igor"]
[Black "Mydlarik, Martin"]
[Result "0-1"]
[WhiteElo "2022"]
[BlackElo "2124"]
[PlyCount "120"]
[EventDate "2008.??.??"]

1. e4 d5 2. exd5 Qxd5 3. Nc3 Qa5 4. d4 Nf6 5. Nf3 Bf5 6. Bc4 c6 7. Bd2 e6 8.
O-O Nbd7 9. Re1 Qc7 10. Bb3 O-O-O 11. Ne2 c5 12. Bf4 Bd6 13. Bxd6 Qxd6 14. dxc5
Qxc5 15. Qd4 Ne4 16. Rad1 Nb6 17. Qxc5+ Nxc5 18. Ne5 Rhf8 19. Ng3 Bg6 20. h4
Nxb3 21. axb3 Rxd1 22. Rxd1 Nd5 23. Nxg6 hxg6 24. Ne4 Kc7 25. g3 Re8 26. Rd4
Re7 27. Rc4+ Kd8 28. Nd6 a6 29. Rd4 Kc7 30. Ne4 Rd7 31. Kf1 b6 32. Rc4+ Kb7 33.
Ke2 e5 34. Ra4 Nc7 35. Ra1 Ne6 36. c3 f5 37. Nd2 Nc5 38. Rd1 e4 39. Nc4 Rxd1
40. Kxd1 Nd3 41. Ke2 Kc6 42. f3 b5 43. Nd2 Kd5 44. fxe4+ fxe4 45. Ke3 Nxb2 46.
Nxe4 a5 47. Nd2 a4 48. bxa4 bxa4 49. Kf4 a3 50. Kg5 a2 51. Nb3 Kc4 52. Na1 Kxc3
53. Kxg6 Nd3 54. Kxg7 Nf2 55. h5 Ng4 56. h6 Nxh6 57. Kxh6 Kb2 58. g4 Kxa1 59.
g5 Kb2 60. g6 a1=Q 0-1

[Event "SR 2. liga A 2008/2009"]
[Site "?"]
[Date "2008.10.12"]
[Round "2.5"]
[White "Synak, Jan"]
[Black "Flak, Juraj"]
[Result "0-1"]
[WhiteElo "1964"]
[BlackElo "2061"]
[PlyCount "102"]
[EventDate "2008.??.??"]

1. c4 Nf6 2. d4 d6 3. Nf3 g6 4. b3 Bg7 5. Bb2 O-O 6. Nbd2 c5 7. e4 e6 8. Bd3 b6
9. O-O Bb7 10. Re1 Qc7 11. Qe2 Nc6 12. e5 dxe5 13. dxe5 Nd7 14. Rad1 Rad8 15.
Bb1 Rfe8 16. h4 h5 17. Qe3 a6 18. Kh1 Ne7 19. Ng5 Nf8 20. f4 Nf5 21. Qf2 Bh6
22. Be4 Bxg5 23. hxg5 Bxe4 24. Nxe4 Rxd1 25. Rxd1 Rd8 26. Rxd8 Qxd8 27. Qe2 Nh7
28. Bc3 a5 29. a3 Kf8 30. b4 axb4 31. axb4 Qa8 32. Kh2 Qa3 33. Qd2 Qb3 34. Nf6
Nxf6 35. exf6 Ke8 36. bxc5 bxc5 37. Ba5 Nd4 38. Qc3 Kd7 39. g3 Qxc3 40. Bxc3
Nc2 41. Kg2 Ne3+ 42. Kf3 Nxc4 43. Ke4 Kc6 44. Be1 Nd6+ 45. Ke5 Nf5 46. Ke4 c4
47. Ke5 Kc5 48. Bd2 Nxg3 49. Bb4+ Kxb4 50. Kd6 Nf5+ 51. Kd7 Kc5 0-1

[Event "SR 2. liga A 2008/2009"]
[Site "?"]
[Date "2008.10.12"]
[Round "2.6"]
[White "Bury, Rastislav"]
[Black "Farkas, Vladimir"]
[Result "1-0"]
[WhiteElo "2088"]
[BlackElo "2035"]
[PlyCount "49"]
[EventDate "2008.??.??"]

1. d4 Nf6 2. c4 d6 3. Nc3 g6 4. e4 Bg7 5. Nf3 O-O 6. Be2 e5 7. dxe5 dxe5 8.
Qxd8 Rxd8 9. Bg5 Re8 10. Nd5 Nxd5 11. cxd5 Bd7 12. O-O c6 13. Bc4 cxd5 14. Bxd5
Bc6 15. Rfd1 Bxd5 16. Rxd5 f6 17. Be3 Bf8 18. Rad1 Be7 19. Nd2 Rd8 20. Rxd8+
Bxd8 21. Nc4 Bc7 22. Nd6 b6 23. Ne8 Na6 24. Nxf6+ Kh8 25. Rd7 1-0